Webbs Country Foods Ltd v SoS Environment and Kennet DC (Record no. 12846)

MARC details
000 -LEADER
fixed length control field 01024cab a2200205 4500
001 - CONTROL NUMBER
control field X1786
008 - FIXED-LENGTH DATA ELEMENTS--GENERAL INFORMATION
fixed length control field 090401t1995 xxu||||| |||| 00| 0 eng d
035 ## - SYSTEM CONTROL NUMBER
System control number (Sirsi) u19266
041 ## - LANGUAGE CODE
Language code of text/sound track or separate title eng
245 ## - TITLE STATEMENT
Title Webbs Country Foods Ltd v SoS Environment and Kennet DC
260 ## - PUBLICATION, DISTRIBUTION, ETC.
Date of publication, distribution, etc. 1995
350 ## - PRICE (NR) (BK AM CF MU VM SE) [OBSOLETE]
Price 0
490 ## - SERIES STATEMENT
Series statement Journal of Planning and Environment Law
Volume/sequential designation 1995 JPL 33-38(6)
520 ## - SUMMARY, ETC.
Summary, etc. QBD 17 August 1993. Planning refusal for erection of three poultry houses - visual impact - smell - effect on amenities of nearby residents - impact of lorry movements - demonstrable harm - PPG 1 para 5 - no single test universally applicable of the degree of risk of harm - varies form case to case - decision maker applies the test and gives reasons - level of risk to be demonstrated will depend on the circumstances of the case - Inspector acted correctly - application dismissed.
650 ## - SUBJECT ADDED ENTRY--TOPICAL TERM
Topical term or geographic name entry element DEMONSTRABLE HARM
650 ## - SUBJECT ADDED ENTRY--TOPICAL TERM
Topical term or geographic name entry element POULTRY HOUSE
690 ## - LOCAL SUBJECT ADDED ENTRY--TOPICAL TERM (OCLC, RLIN)
Topical term or geographic name as entry element PLANNING LAW AND PRACTICE-CASE LAW
942 ## - ADDED ENTRY ELEMENTS (KOHA)
Suppress in OPAC 0
948 ## - LOCAL PROCESSING INFORMATION (OCLC); SERIES PART DESIGNATOR (RLIN)
c (OCLC) 04/03/1997
Holdings
Withdrawn status Lost status Source of classification or shelving scheme Damaged status Not for loan Home library Current library Shelving location Date acquired Total Checkouts Full call number Barcode Date last seen Copy number Price effective from Koha item type
    Dewey Decimal Classification     London London Journal article 14/09/1999   X1786 19266-1001 06/08/2019 1 06/08/2019 Law report